Statistics for Top 15 Countries with Covid-19 Cases - 1 May 2021

Click here to take the quiz!

General Stats

  • This quiz has been taken 24 times
  • The average score is 16 of 28

Answer Stats

country% Correct
Italy
100%
Spain
100%
United States
100%
France
96%
Germany
92%
India
92%
United Kingdom
92%
Brazil
88%
Russia
88%
Mexico
83%
Poland
75%
Sweden
63%
Turkey
58%
Iran
54%
Portugal
54%
Argentina
50%
Colombia
50%
Netherlands
50%
Belgium
46%
Czechia
38%
Israel
29%
Hungary
25%
Estonia
21%
Slovenia
21%
Croatia
17%
Lithuania
17%
Panama
8%
Bahrain
4%

Score Distribution

Percentile by Number Answered

Percent of People with Each Score

Your Score History

You have not taken this quiz